000 01320nam0a2200337 4500
001 RU\NLR\bibl\1061824
005 20250615040944.0
021 _aRU
_b2007-6779
_9362
035 _a(nilc)RSL-KNO-003037052
035 _a(NLR Aleph) 001049090
090 _a867012
_c867012
100 _a20070213d2006 |||y0rusy50 ca
101 0 _arus
102 _aRU
105 _aa zzzz|||||
106 _ar
200 1 _aЯ - странник
_eстихотворения
_fБорис Картузов
210 _aМосква
_c[б. и.]
_d2006
215 _a158, [1] с.
_cил.
_d20
610 0 _aФилологические науки. Художественная литература -- Российская Федерация -- Русская литература -- с сер. 50-х гг. 20 в. -- Произведения художественной литературы -- Поэзия -- Сборники одного автора
686 _aШ5(2=Р)75-65я44
_2rubbk
686 _aШ6(2=Р)75-5
700 1 _aКартузов
_bБ. А.
_gБорис Алексеевич
_4070
801 0 _aRU
_bРКП
_c20070213
_grcr
801 1 _aRU
_bРГБ
_c20070213
801 2 _aRU
_bNLR
_c20070321
_grcr
830 _aавт. по кн.
942 _cBOOK
980 _aNB